Statistics for One Direction Songs

Click here to take the quiz!

General Stats

  • This quiz has been taken 4 times
  • The average score is 8 of 15

Answer Stats

YearPeakSongOther Featured Artist(s)% Correct
20132Best Song Ever
100%
20111What Makes You Beautiful
100%
20113Gotta Be You
100%
20129One Thing
100%
20121Little Things
50%
20151Drag Me Down
50%
20152Perfect
50%
20132Story Of My Life
50%
20123Live While We're Young
50%
20143Steal My Girl
50%
20147Night Changes
50%
20139Kiss You
50%
20111Wishing On A StarX Factor Finalists 2011 & JLS
0%
20131One Way Or Another (Teenage Kicks)
0%
20166History
0%

Score Distribution

Percentile by Number Answered

Percent of People with Each Score

Your Score History

You have not taken this quiz